| 000 | 00474nam a2200169 a 4500 | ||
|---|---|---|---|
| 005 | 20140412111311.0 | ||
| 008 | 010329s19uu xx 00 eng d | ||
| 020 | _a0-673-37545-5 | ||
| 050 |
_aTR(GS 510 _bE96.2 1996 |
||
| 100 | _aBolster, L. Carey | ||
| 245 |
_aExploring mathematics. / _cL. Carey Bolster. |
||
| 260 |
_aGlenview, Illinois : _bScott, Foresman Company, _c1996. |
||
| 300 | _a456 p. | ||
| 440 | _aScottForesman | ||
| 650 | _aMathematics | ||
| 999 |
_c104009 _d104009 |
||